|
|
|
|
| LEADER |
00000cam a2200000 7i4500 |
| 001 |
0000067065 |
| 005 |
20161015.0 |
| 008 |
161015 |
| 020 |
|
|
|a 9831283503
|
| 090 |
0 |
0 |
|a JF
|b JAW
|
| 245 |
0 |
0 |
|a Harta karun dalam gua
|
| 260 |
|
|
|a K.Lumpur :
|b Penerbitan Fargoes ,
|c 2005
|
| 440 |
|
0 |
|a Siri kanak-kanak harmoni
|
| 500 |
|
|
|a Children ages 7-9 years old (orange)
|
| 650 |
|
0 |
|a Jawi
|
| 999 |
|
|
|a 0000899765
|b Book
|c Children Collection
|e Cawangan Mersing
|
| 999 |
|
|
|a 0000899766
|b Book
|c Children Collection
|e Cawangan Mersing
|
| 999 |
|
|
|a 0001215515
|b Book
|c Children Collection
|e Cawangan Segamat
|
| 999 |
|
|
|a 0001215516
|b Book
|c Children Collection
|e Cawangan Pontian
|
| 999 |
|
|
|a 0001215520
|b Book
|c Children Collection
|e Cawangan Mersing
|